Top 50 football national teams - Statistics

General Stats
  • This quiz has been taken 1,337 times
    897 since last reset
  • The average score is 42 of 50
Answer Stats
# Team % Correct
3 Argentina
99%
1 France
99%
2 Spain
99%
6 Brazil
98%
4 England
98%
5 Portugal
97%
12 Italy
96%
18 Japan
96%
38 Sweden
96%
16 United States
96%
10 Germany
95%
15 Mexico
95%
9 Belgium
94%
7 Netherlands
94%
13 Colombia
93%
8 Morocco
93%
31 Norway
93%
27 Australia
92%
30 Canada
92%
29 Egypt
92%
25 South Korea
92%
17 Uruguay
92%
35 Poland
91%
11 Croatia
90%
19 Switzerland
89%
24 Austria
87%
20 Denmark
87%
22 Turkey
86%
36 Russia
85%
43 Scotland
85%
47 Greece
84%
32 Ukraine
83%
41 Czech Republic
82%
26 Nigeria
82%
14 Senegal
82%
21 Iran
81%
39 Serbia
80%
48 Slovakia
80%
37 Wales
80%
28 Algeria
79%
42 Hungary
77%
23 Ecuador
75%
40 Paraguay
74%
44 Tunisia
69%
45 Cameroon
67%
34 Ivory Coast
65%
33 Panama
63%
49 Venezuela
60%
46 Democratic Republic of the Congo
58%
50 Uzbekistan
31%
No matching quizzes found
Score Distribution
Percent of People with Each Score
Percentile by Number Answered
Your Score History
You have not taken this quiz since the last reset